000 00354 a2200145 4500
001 178583
020 _a
040 _cMagnum
100 _aDanilo, Aroeira
240 1 0 _aMagnito de uma ideia nasce o futuro nº0
_lpor
245 1 0 _aMagnito de uma ideia nasce o futuro nº0
362 0 _a1899
697 _aMAGNITO: I/AVENTURA, CRIANCAS
942 _cBK
999 _c178583
_d178583